Generating for our generation? (Record no. 77859)

MARC details
000 -LEADER
fixed length control field 00977cab a2200205 4500
001 - CONTROL NUMBER
control field ##L135291
008 - FIXED-LENGTH DATA ELEMENTS--GENERAL INFORMATION
fixed length control field 061010n2006 000 0 eng u
035 ## - SYSTEM CONTROL NUMBER
System control number (Sirsi) u135291
041 0# - LANGUAGE CODE
Language code of text/sound track or separate title eng
100 1# - MAIN ENTRY--PERSONAL NAME
Personal name Hardie, Steven
245 00 - TITLE STATEMENT
Title Generating for our generation?
260 ## - PUBLICATION, DISTRIBUTION, ETC.
Date of publication, distribution, etc. 2006
490 #0 - SERIES STATEMENT
Series statement Building Control
Volume/sequential designation (173) October 2006, 10-12(3)
520 ## - SUMMARY, ETC.
Summary, etc. Considers the UK government's energy review, "The energy challenge" (L134185). Outlines questions central to the energy review consultation which invited feedback on issues relating to power supply and carbon emissions. Looks at the centralised system of electricity generation, historically used by the UK, and the decentralised system of combined heat and power. Also examines the issues surrounding nuclear power. Provides useful websites.
590 ## - LOCAL NOTE (RLIN)
Local note IKA171006
650 24 - SUBJECT ADDED ENTRY--TOPICAL TERM
Topical term or geographic name entry element DTI ENERGY REVIEW 2006
651 #4 - SUBJECT ADDED ENTRY--GEOGRAPHIC NAME
Geographic name United Kingdom
Chronological subdivision
690 ## - LOCAL SUBJECT ADDED ENTRY--TOPICAL TERM (OCLC, RLIN)
Topical term or geographic name as entry element ENVIRONMENTAL AND LAND CONSULTANCY-ENERGY
942 ## - ADDED ENTRY ELEMENTS (KOHA)
Suppress in OPAC 0
Holdings
Withdrawn status Lost status Source of classification or shelving scheme Damaged status Not for loan Home library Current library Shelving location Date acquired Total Checkouts Full call number Barcode Date last seen Copy number Price effective from Koha item type
    Dewey Decimal Classification     London London Journal article 10/10/2006   L135288 135291-1001 06/08/2019 1 06/08/2019 Journal article